000 00576nam a22002057a 4500
003 OSt
005 20220107122811.0
008 160420b xxu||||| |||| 00| 0 eng d
020 _a9781783300617
040 _cIIITMK
082 _a346.0482 PED/P
100 _aPedley, Paul
_98987
245 _aPractical copyright for library and information professionals
_cPaul Pedley
260 _aLondon,
_bFacet Publishing,
_c2015
300 _axxviii, 195p.
650 _aINTELECTUAL PROPERTY RIGHTS
_98988
650 _aCOPYRIGHT
_99061
650 _aLIBRARY
_98990
942 _2ddc
_cBK
999 _c5086
_d5086